Το φύλο στα επαγγέλματα υγείας : διπλωματική εργασία
Αποθηκεύτηκε σε:
| Κύριος συγγραφέας: | |
|---|---|
| Συγγραφή απο Οργανισμό/Αρχή: | |
| Άλλοι συγγραφείς: | , |
| Μορφή: | Thesis Βιβλίο |
| Γλώσσα: | Greek |
| Δημοσίευση: |
Ρόδος :
Πανεπιστήμιο Αιγαίου, Τμήμα Επιστημών της Προσχολικής Αγωγής και του Εκπαιδευτικού Σχεδιασμού,
2007.
|
| Θέματα: | |
| Διαθέσιμο Online: | http://hdl.handle.net/11610/7485 |
| Ετικέτες: |
Προσθήκη ετικέτας
Δεν υπάρχουν, Καταχωρήστε ετικέτα πρώτοι!
|
MARC
| LEADER | 00000cam a2200000 i 4500 | ||
|---|---|---|---|
| 001 | 1/68353 | ||
| 008 | 071217s2007 gre d | ||
| 035 | |l 10093214 | ||
| 040 | |a GR-MY-UA |b gre |e aacr | ||
| 041 | 0 | |a gre | |
| 082 | 7 | |a 305.42 |2 (22) | |
| 100 | 1 | |a Δίγκα, Χρυσούλα. | |
| 245 | 1 | 3 | |a Το φύλο στα επαγγέλματα υγείας : |b διπλωματική εργασία / |c Δίγκα Χρυσούλα ; Πλίτση Ειρήνη ; Φώκιαλη Πέρσα (επιβλέπουσα) ; εξεταστική επιτροπή: Βιτσιλάκη Χρυσή, Βρυωνίδης Μάριος. |
| 260 | |a Ρόδος : |b Πανεπιστήμιο Αιγαίου, Τμήμα Επιστημών της Προσχολικής Αγωγής και του Εκπαιδευτικού Σχεδιασμού, |c 2007. | ||
| 300 | |a 248 σ. ; |c 30 εκ. | ||
| 502 | |a Πτυχιακή εργασία – Πανεπιστήμιο Αιγαίου, Ρόδος, 2007. | ||
| 504 | |a Βιβλιογραφία: σ. 247-248. | ||
| 610 | 2 | 0 | |a University of the Aegean |x Dissertations. |
| 650 | 0 | 0 | |a Gender identity. |
| 650 | 0 | 0 | |a Women |x Business. |
| 650 | 0 | 0 | |a Women |x Employment |z Greece. |
| 650 | 0 | 0 | |a Medical personnel. |
| 650 | 0 | 0 | |a Men |x Employment. |
| 650 | 0 | 0 | |a Dissertations, Academic |z Greece. |
| 700 | 1 | |a Πλίτση, Ειρήνη. | |
| 700 | 1 | |a Φώκιαλη, Περσεφόνη. |4 ths | |
| 710 | 2 | |a Πανεπιστήμιο Αιγαίου |b Σχολή Ανθρωπιστικών Σπουδών |b Τμήμα Επιστημών Προσχολικής Αγωγής και Εκπαιδευτικού Σχεδιασμού. | |
| 852 | |a INST |b RHODES |c DIATR |e 20071217 |h 305.42 ΔΙΓ |p 005400024920 |q 005400024920 |t DIE |y 23 | ||
| 852 | |a INST |b RHODES |c DIATR |e 20071217 |h 305.42 ΔΙΓ |p 005400024921 |q 005400024921 |t DIE |y 23 | ||
| 856 | |u http://hdl.handle.net/11610/7485 | ||
| 901 | |a BIBL4-2007-3 | ||
| 909 | |a Ρ |b 128247 | ||
| 909 | |a Ρ |b 128248 | ||
| 924 | |a ΔΙΓΚΑ |b ΧΡΥΣΟΥΛΑ |y Ρόδος |z 2007-11 | ||
| 970 | |a ΜΙΣΣΟΣ |b ΣΤΑΥΡΟΣ |z 2007/12/17 | ||